Návrh a implementácia informačného systému na podporu zákazníkom

Saved in:
Bibliographic Details
Main Author: Demeterová, Anna (Author)
Other Authors: Juhás, Gabriel (Thesis advisor)
Format: Manuscript Book
Language:Slovak
Published: 2018
Subjects:
Online Access:http://is.stuba.sk/zp/portal_zp.pl?podrobnosti=137371
Tags: Add Tag
No Tags, Be the first to tag this record!

MARC

LEADER 00000ntm a22000003a 4500
001 stuzp68711
003 SK-STU
005 20181214122004.7
007 ta
008 150427s2015----xo-----f-mn---000-0-slo-d
040 |a STU  |b slo 
041 0 |a slo 
044 |a xo 
100 1 |a Demeterová, Anna  |u 035000  |4 aut  |U FEI Fakulta elektrotechniky a informatiky  |T FEI Ústav informatiky a matematiky  |X 72795  |U E050  |Y 816  |7 72795 
242 0 1 |a Design and implementation of an information system for customer support  |y eng 
245 1 0 |a Návrh a implementácia informačného systému na podporu zákazníkom 
260 |c 2018 
300 |a 65 s., CD-ROM 
650 4 |a strojové učenie  |2 slo 
650 4 |a klasifikácia textu  |2 slo 
650 4 |a systém na podporu zákazníkom  |2 slo 
650 4 |a smtp  |2 slo 
650 4 |a imap  |2 slo 
650 4 |a imap  |2 eng 
650 4 |a text classification  |2 eng 
650 4 |a customer support system  |2 eng 
650 4 |a machine learning  |2 eng 
650 4 |a smtp  |2 eng 
700 1 |a Juhás, Gabriel  |u 035000  |k Z1  |4 ths  |U FEI Fakulta elektrotechniky a informatiky  |T FEI Ústav informatiky a matematiky  |X 4971  |U E050  |Y 816  |7 A000004971 
856 4 |u http://is.stuba.sk/zp/portal_zp.pl?podrobnosti=137371 
996 |b 284EP12126  |c E*DIPL- 12126  |l EE35  |s P  |a 0  |w stuzp68711_0001